zpět

Detail výsledku týmu

Šnyt, Šternberk

Datum a čas kvízu

16.5 Celkem bodů Celkový počet nahraných bodů na tomto kvízu bez doplňovacích otázek.
7. Pořadí na kvízu Konečné umístění týmu na tomto kvízu.

Zaznamenané odpovědi

# Otázka Odpověď Body Výsledky
1. Minulou sobotu byla mimořádně... Kramářova vila 0
2. Napište dvouslovný název chemi... dusičnan (ledek) amonný 0
3. Minulý týden se v Praze konal... Střelecký ostrov 1
4. Ve Velharticích na Klatovsku o... brambory 0
5. Za fotbalovou Spartu budou nas... Ladislav Krejčí 0
6. Historie kulečníkových her sah... slonovina 0
7. Kulečník, nebo také biliár (z... snooker 0
8. Osmička (Eight-ball) se hraje... A 1
9. Nyní vám pustíme ukázku ze ser... karambol 0
10. Barva peněz je snímek z roku 1... Tom Cruise 0